Estatísticas para Apresentadores e Jornalistas da TV Globo (2019)

Clique aqui para jogar o quiz

Estatísticas Gerais

  • Esse quiz foi jogado 45 vezes
  • A pontuação média é 18 de 42

Estatísticas das Respostas

ProgramaApresentador% Correto
Domingão do FaustãoFausto Silva
98%
Conversa com BialPedro Bial
95%
Mais VocêAna Maria Braga
93%
EncontroFátima Bernardes
93%
Caldeirão do HuckLuciano Huck
90%
Jornal NacionalWilliam Bonner
90%
Jornal NacionalRenata Vasconcellos
71%
BBB / The Voice BrasilTiago Leifert
71%
Altas HorasSerginho Groisman
68%
FantásticoTadeu Schmidt
68%
Jornal HojeMaria Júlia Coutinho
66%
Globo RepórterGlória Maria
61%
The Voice KidsAndré Marques
59%
É de CasaPatrícia Poeta
49%
Globo RepórterSandra Annenberg
46%
SPTVCésar Tralli
44%
Se JogaFernanda Gentil
44%
FantásticoPoliana Abritta
39%
É de CasaZeca Camargo
37%
Bom Dia BrasilChico Pinheiro
34%
Globo Esporte (RJ)Alex Escobar
32%
Profissão RepórterCaco Barcellos
32%
Tamanho FamíliaMárcio Garcia
32%
Se JogaFabiana Karla
29%
PopstarTaís Araújo
29%
SPTVCarlos Tramontina
27%
Jornal da GloboRenata Lo Prete
27%
É de CasaAna Furtado
24%
É de CasaCissa Guimarães
24%
Globo Esporte (SP)Felipe Andreoli
24%
Bom Dia São PauloRodrigo Bocardi
24%
Bom Dia BrasilAna Paula Araújo
17%
Se JogaÉrico Brás
17%
Esporte EspetacularBárbara Coelho
15%
Bom Dia RioFlávio Fachel
15%
Esporte EspetacularLucas Gutierrez
15%
RJTVMariana Gross
15%
Hora Um da NotíciaRoberto Kovalick
15%
Mestre do SaborClaude Troisgros
12%
Globo RuralNelson Araújo
10%
RJTVAna Luiza Guimarães
7%
Globo RuralHelen Martins
7%

Distribuição das Pontuações

Percentil de Números Respondidos

Porcentagem de Pessoas com Cada Pontuação

Sua Pontuação Histórica

Você não jogou esse quiz